Deliverance : (Record no. 289280)
[ view plain ]
| 000 -LEADER | |
|---|---|
| fixed length control field | 01773cam a2200469Ii 4500 |
| 001 - CONTROL NUMBER | |
| control field | ocn943076574 |
| 003 - CONTROL NUMBER IDENTIFIER | |
| control field | OCoLC |
| 005 - DATE AND TIME OF LATEST TRANSACTION | |
| control field | 20200320195216.0 |
| 008 - FIXED-LENGTH DATA ELEMENTS--GENERAL INFORMATION | |
| fixed length control field | 160304t20162016utu 000 1 eng d |
| 020 ## - INTERNATIONAL STANDARD BOOK NUMBER | |
| International Standard Book Number | 9781680479355 |
| Qualifying information | (paperback) |
| 020 ## - INTERNATIONAL STANDARD BOOK NUMBER | |
| International Standard Book Number | 1680479350 |
| Qualifying information | (paperback) |
| 035 ## - SYSTEM CONTROL NUMBER | |
| System control number | (OCoLC)943076574 |
| 040 ## - CATALOGING SOURCE | |
| Original cataloging agency | UPZ |
| Language of cataloging | eng |
| Description conventions | rda |
| Transcribing agency | UPZ |
| Modifying agency | BTCTA |
| -- | WACOL |
| 043 ## - GEOGRAPHIC AREA CODE | |
| Geographic area code | f-ua--- |
| 049 ## - LOCAL HOLDINGS (OCLC) | |
| Holding library | WACL |
| 050 #4 - LIBRARY OF CONGRESS CALL NUMBER | |
| Classification number | PS3613.O5589 |
| Item number | D45 2016 |
| 082 04 - DEWEY DECIMAL CLASSIFICATION NUMBER | |
| Classification number | 813/.6 |
| Edition number | 2 |
| 092 ## - LOCALLY ASSIGNED DEWEY CALL NUMBER (OCLC) | |
| Classification number | fiction |
| Item number | Moo |
| 100 1# - MAIN ENTRY--PERSONAL NAME | |
| Personal name | Moore, H. B. |
| Fuller form of name | (Heather Brown), |
| Relator term | author. |
| 9 (RLIN) | 53211 |
| 245 10 - TITLE STATEMENT | |
| Title | Deliverance : |
| Remainder of title | a novel / |
| Statement of responsibility, etc | by Heather B. Moore. |
| 264 #1 - Production, Publication, Distribution, Manufacture, and Copyright Notice. | |
| Place of production, publication, distribution, manufacture | American Fork, Utah : |
| Name of producer, publisher, distributor, manufacturer | Covenant Communications, Inc., |
| Date of production, publication, distribution, manufacture, or copyr | [2016] |
| 264 #4 - Production, Publication, Distribution, Manufacture, and Copyright Notice. | |
| Date of production, publication, distribution, manufacture, or copyr | ©2016 |
| 300 ## - PHYSICAL DESCRIPTION | |
| Extent | 236 pages ; |
| Dimensions | 23 cm. |
| 336 ## - Content Type | |
| Content type term | text |
| 337 ## - Media type | |
| Media type term | unmediated |
| 338 ## - Carrier type | |
| Carrier type term | volume |
| 490 1# - SERIES STATEMENT | |
| Series statement | The Moses chronicles ; |
| Volume number/sequential designation | Volume 2 |
| 520 ## - SUMMARY, ETC. | |
| Summary, etc | A retelling of events that follows Moses' journey from fugitive of Egypt to prophet of God. |
| 521 ## - TARGET AUDIENCE NOTE | |
| Target audience note | LDS fiction |
| Source | deseret book |
| 600 00 - SUBJECT ADDED ENTRY--PERSONAL NAME | |
| Personal name | Moses |
| Titles and other words associated with a name | (Biblical leader) |
| Form subdivision | Fiction. |
| 9 (RLIN) | 5908535 |
| 650 #0 - SUBJECT ADDED ENTRY--TOPICAL TERM | |
| Topical term or geographic name as entry element | Jews |
| General subdivision | History |
| Chronological subdivision | To 1200 B.C. |
| Form subdivision | Fiction. |
| 9 (RLIN) | 5908536 |
| 630 00 - SUBJECT ADDED ENTRY--UNIFORM TITLE | |
| Uniform title | Bible. |
| Name of part/section of a work | Old Testament |
| General subdivision | History of Biblical events |
| Form subdivision | Fiction. |
| 9 (RLIN) | 5691408 |
| 651 #0 - SUBJECT ADDED ENTRY--GEOGRAPHIC NAME | |
| Geographic name | Egypt |
| General subdivision | Civilization |
| Chronological subdivision | To 332 B.C. |
| Form subdivision | Fiction. |
| 9 (RLIN) | 5908537 |
| 655 #7 - INDEX TERM--GENRE/FORM | |
| Genre/form data or focus term | Religious fiction. |
| Source of term | lcgft |
| 9 (RLIN) | 5689984 |
| 655 #7 - INDEX TERM--GENRE/FORM | |
| Genre/form data or focus term | Christian fiction. |
| Source of term | gsafd |
| 9 (RLIN) | 5908538 |
| 800 1# - SERIES ADDED ENTRY--PERSONAL NAME | |
| Personal name | Moore, H. B. |
| Fuller form of name | (Heather Brown). |
| Title of a work | Moses chronicles ; |
| Volume/sequential designation | v. 2. |
| 9 (RLIN) | 5908539 |
| 938 ## - | |
| -- | Baker and Taylor |
| -- | BTCP |
| -- | BK0018404137 |
| 942 ## - ADDED ENTRY ELEMENTS (KOHA) | |
| Koha item type | BOOK |
| 948 ## - LOCAL PROCESSING INFORMATION (OCLC); SERIES PART DESIGNATOR (RLIN) | |
| Series part designator, SPT (RLIN) | 03/30/2016 |
| z (OCLC) | Sirsi |
| 994 ## - | |
| -- | C0 |
| -- | WACOL |
| 996 ## - | |
| -- | 129841 |
| -- | 34301001227885 |
| -- | LDSF |
| -- | bk |
| -- | wcl |
| -- | i |
| -- | 7 |
| -- | 16.99 |
| -- | deseret book |
| -- | Moo |
| -- | 03/31/2016 |
| -- | 07/10/2018 |
| -- | 07/03/2018 |
| Withdrawn status | Lost status | Source of classification or shelving scheme | Damaged status | Not for loan | Collection code | Home library | Current library | Shelving location | Date acquired | Cost, normal purchase price | Total Checkouts | Total Renewals | Full call number | Barcode | Date last seen | Date checked out | Cost, replacement price | Price effective from | Koha item type |
|---|---|---|---|---|---|---|---|---|---|---|---|---|---|---|---|---|---|---|---|
| Dewey Decimal Classification | Adult Fiction LDS | Wasatch County Library | Wasatch County Library | First Floor | 03/31/2016 | 16.99 | 12 | 2 | F LDS Moore | 34301001227885 | 02/28/2024 | 10/04/2023 | 16.99 | 03/20/2020 | BOOK |
